000 00471nam a2200181Ia 4500
005 20250616121958.0
008 008 250516s9999 xx 000 0 eng d
020 _a9780670094356
040 _beng
_cSDCL
041 _aeng
_2eng
084 _aV2'P R4
100 _aAhmed, Hilal
245 0 _aBrief history of the present :
_bMuslims in new India
260 _aGurugram :
_bPenguin,
_c2024.
300 _axxvii, 226p.
650 _aHistory
942 _cTEXL
_2CC
999 _c1429474
_d1429474